| 000 | 00631nam a2200181 i 4500 | ||
|---|---|---|---|
| 001 | 172156 | ||
| 003 | ES-MaACL | ||
| 005 | 20251012210323.0 | ||
| 008 | 090616s1970 sp |||| | spa d | ||
| 080 | _a840 Sue, Eugene.7 Misterios de Paris.06 | ||
| 245 | 0 | 0 |
_aSocialismo y consolación _b: reflexiones en torno a los Misterios de París de Eugenio Sue / _cUmberto Eco ... [et al.]. |
| 260 |
_a[Barcelona] : _bTusquets, _c[1970] |
||
| 300 |
_a82 p. ; _c18 cm. |
||
| 600 | 1 | 7 |
_aSue, Eugène, _d1804-1857 _2 _9132950 |
| 700 | 1 |
_aEco, Umberto, _d1932-2016 _946611 |
|
| 852 |
_aES-MaACL _jC-49648 |
||
| 999 |
_c172156 _d172156 |
||